[Event "Linklater mem 6th"]
[Site "?"]
[Date "2002.04.03"]
[Round "1"]
[White "Keatinge Clay Adrian"]
[Black "Thornally Frank"]
[Result "1-0"]
[WhiteElo "2284"]
[BlackElo "2320"]
[PlyCount "109"]
[EventDate "2002.??.??"]
[Source "www.chesslib.no"]
[SourceDate "2004.05.04"]

1. d4 d5 2. c4 e6 3. Nc3 Be7 4. Nf3 Nf6 5. Bg5 h6 6. Bh4 O-O 7. e3 Ne4 8. Bxe7 Qxe7 9. cxd5 Nxc3 10. bxc3 exd5 11. Qb3 Rd8 12. c4 dxc4 13. Bxc4 Nc6 14. Be2 b6 15. O-O Bb7 16. Rac1 Rac8 17. Rc3 Na5 18. Qa4 c5 19. Qa3 Kf8 20. dxc5 Rxc5 21. Rxc5 Qxc5 22. Qxc5+ bxc5 23. Rc1 Rc8 24. Kf1 Ke7 25. Rb1 Be4 26. Rb5 Nb7 27. Nd2 Bc6 28. Rb3 Nd6 29. Ra3 Rc7 30. Nc4 Bb5 31. Nxd6 Bxe2+ 32. Kxe2 Kxd6 33. Kd3 Re7 34. e4 Kc6 35. f3 Rd7+ 36. Kc3 Kb5 37. Rb3+ Kc6 38. Rb8 h5 39. Rg8 g6 40. Rf8 Kb5 41. Rb8+ Kc6 42. g3 Rd4 43. Rf8 Rd7 44. f4 Re7 45. e5 Kd5 46. Rd8+ Ke4 47. Kc4 Rc7 48. Rd6 h4 49. e6 fxe6 50. Rxe6+ Kf5 51. Re5+ Kg4 52. Rg5+ Kf3 53. gxh4 Kxf4 54. Rxg6 Ke5 55. h5 1-0

[Event "Budapest FS12 IM-B"]
[Site "Budapest"]
[Date "1997.??.??"]
[Round "6"]
[White "Eperjesi, Laszlo"]
[Black "Pihlajasalo, Antti"]
[Result "1/2-1/2"]
[WhiteElo "2340"]
[BlackElo "2245"]
[PlyCount "58"]
[EventDate "1997.??.??"]
[Source "www.chesslib.no"]
[SourceDate "2004.05.04"]

1. d4 d5 2. c4 e6 3. Nc3 Be7 4. Nf3 Nf6 5. Bg5 h6 6. Bh4 O-O 7. e3 Ne4 8. Bxe7 Qxe7 9. cxd5 Nxc3 10. bxc3 exd5 11. Qb3 Rd8 12. Be2 c5 13. Qa3 b6 14. O-O Bb7 15. Rab1 Nd7 16. Ba6 Bxa6 17. Qxa6 Nf6 18. Rfc1 Rac8 19. c4 Rc7 20. cxd5 Nxd5 21. dxc5 bxc5 22. h3 Nb4 23. Qc4 Nd3 24. Rc3 Rcd7 25. Ne1 Nxe1 26. Rxe1 Rd1 27. Rxd1 Rxd1+ 28. Kh2 Rd2 29. Qxc5 Qxc5 1/2-1/2

[Event "POL Team Ch"]
[Site "Mikolajki"]
[Date "1991.??.??"]
[Round "9"]
[White "Kujawski, Ryszard"]
[Black "Wlodarczyk, Robert"]
[Result "1-0"]
[WhiteElo "2310"]
[BlackElo "2270"]
[PlyCount "153"]
[EventDate "1991.??.??"]
[Source "www.chesslib.no"]
[SourceDate "2004.05.04"]

1. d4 e6 2. c4 d5 3. Nc3 Nf6 4. Bg5 Be7 5. Nf3 h6 6. Bh4 O-O 7. e3 Ne4 8. Bxe7 Qxe7 9. cxd5 Nxc3 10. bxc3 exd5 11. Qb3 Rd8 12. Be2 Nc6 13. O-O Rb8 14. Nd2 Rd6 15. Bf3 Qg5 16. Rad1 Be6 17. Qb1 Ne7 18. c4 Rb6 19. Qc2 Bf5 20. e4 dxe4 21. Nxe4 Qf4 22. Qd2 Qxd2 23. Rxd2 Rb4 24. Rc1 b6 25. g4 Bxe4 26. Bxe4 Rd8 27. f3 c5 28. d5 Nc8 29. Bd3 Nd6 30. Kf2 Re8 31. Rc3 g6 32. a3 Ra4 33. Re2 Rxe2+ 34. Kxe2 Kg7 35. Kd2 Kf6 36. Be2 Ke5 37. Kc2 Kd4 38. Rd3+ Ke5 39. Rc3 Kd4 40. Rd3+ Ke5 41. Re3+ Kf4 42. Rc3 b5 43. cxb5 c4 44. Kd2 Ke5 45. Bd1 Ra5 46. a4 a6 47. bxa6 Kxd5 48. Re3 Kd4 49. Re7 Rxa6 50. h4 Ra5 51. Bc2 Rd5 52. Be4 Ra5 53. Bc2 c3+ 54. Ke2 Kc4 55. Rc7+ Kb4 56. Rd7 Rd5 57. Bd3 Kxa4 58. Rc7 Kb3 59. f4 Kb4 60. Ke3 Kb3 61. Ke2 Kb4 62. Rc6 Nb5 63. Ke3 Rc5 64. Rf6 c2 65. Bxc2 Rxc2 66. Rxf7 Rc3+ 67. Kf2 Kc4 68. Rf6 Nd4 69. Rxg6 Rc2+ 70. Kg3 Ne2+ 71. Kf3 Ng1+ 72. Ke4 Re2+ 73. Kf5 Rf2 74. Rxh6 Ne2 75. h5 Nxf4 76. Ke4 Kc5 77. Rf6 1-0

[Event "BRA sf"]
[Site "?"]
[Date "2001.??.??"]
[Round "?"]
[White "Souza Neves Andrey M"]
[Black "Pelikian Jefferson"]
[Result "0-1"]
[WhiteElo "2177"]
[BlackElo "2387"]
[PlyCount "106"]
[EventDate "2001.??.??"]
[Source "www.chesslib.no"]
[SourceDate "2004.05.04"]

1. d4 d5 2. Nf3 Nf6 3. c4 e6 4. Nc3 Be7 5. Bg5 O-O 6. e3 h6 7. Bh4 Ne4 8. Bxe7 Qxe7 9. cxd5 Nxc3 10. bxc3 exd5 11. Qb3 c6 12. c4 dxc4 13. Bxc4 Nd7 14. O-O Nb6 15. Bd3 Be6 16. Qc2 Rac8 17. Rfc1 c5 18. dxc5 Nd7 19. Nd4 Rxc5 20. Qd2 Rfc8 21. Rxc5 Nxc5 22. Nxe6 Qxe6 23. Qe2 Nxd3 24. Qxd3 Qc4 25. Qxc4 Rxc4 26. g3 b5 27. Rb1 b4 28. Rb2 a5 29. Kf1 f5 30. Ke2 Kf7 31. Kd3 Rc3+ 32. Kd4 Ke6 33. h4 Rc1 34. Rd2 Rc8 35. Rb2 Rc3 36. e4 fxe4 37. Kxe4 Rc4+ 38. Ke3 Ke5 39. Rd2 Rc3+ 40. Ke2 a4 41. Rb2 b3 42. axb3 axb3 43. Kd2 Kd4 44. Kd1 Kc4 45. Kd2 Rd3+ 46. Ke2 Rd7 47. Rb1 Kc3 48. Rc1+ Kb4 49. Rc8 Rd5 50. Rb8+ Rb5 51. Rxb5+ Kxb5 52. Kd3 Kb4 53. Kd2 Ka3 0-1

[Event "Oberwart op"]
[Site "Oberwart"]
[Date "1998.08.02"]
[Round "9"]
[White "Kummer, Helmut"]
[Black "Ostrowski, Andrzej"]
[Result "0-1"]
[WhiteElo "2315"]
[BlackElo "2245"]
[PlyCount "124"]
[EventDate "1998.07.25"]
[Source "ChessBase"]
[SourceDate "1998.09.09"]

1. d4 d5 2. c4 e6 3. Nc3 Nf6 4. Bg5 Be7 5. e3 h6 6. Bh4 O-O 7. Nf3 Ne4 8. Bxe7 Qxe7 9. cxd5 Nxc3 10. bxc3 exd5 11. Qb3 Rd8 12. c4 dxc4 13. Bxc4 Nc6 14. Be2 b6 15. O-O Bb7 16. Rfc1 Rac8 17. Qb2 Rd5 18. Rc3 Ra5 19. a3 Nd8 20. Rac1 Ne6 21. Ne5 Rd8 22. Bc4 c5 23. dxc5 Rxc5 24. f4 Bd5 25. Bf1 Rdc8 26. Qb4 Qb7 27. Rxc5 Nxc5 28. Rd1 Be6 29. Be2 Qe4 30. Qd4 Qc2 31. Bf3 Qb3 32. Nc6 Re8 33. Nxa7 Qxa3 34. Nb5 Qb3 35. Nc7 Rc8 36. Nd5 Re8 37. e4 Bc8 38. Ne7+ Rxe7 39. Qd8+ Kh7 40. Qxe7 Qe3+ 41. Kh1 Nd3 42. h3 Nf2+ 43. Kh2 Qxf4+ 44. Kg1 Nxd1 45. Bxd1 Be6 46. Bh5 Qxe4 47. Bg4 Qd4+ 48. Kh2 Bxg4 49. hxg4 Qxg4 50. Qxf7 Qh4+ 51. Kg1 Qe1+ 52. Kh2 Qb1 53. g4 b5 54. Qd5 b4 55. g5 h5 56. Qf7 Qg6 57. Qf3 Qc2+ 58. Kh1 Kg6 59. Qe3 b3 60. Qa7 Qc6+ 61. Kh2 b2 62. Qg1 Qc2+ 0-1

[Event "Oberliga Nord N 9293"]
[Site "GER"]
[Date "1993.??.??"]
[Round "?"]
[White "Lamprecht, Frank"]
[Black "Dreyer, Michael"]
[Result "1-0"]
[WhiteElo "2330"]
[BlackElo "2225"]
[PlyCount "149"]
[EventDate "1992.10.??"]
[Source "www.chesslib.no"]
[SourceDate "2004.05.04"]

1. d4 d5 2. c4 e6 3. Nc3 Nf6 4. Nf3 Be7 5. Bg5 h6 6. Bh4 O-O 7. e3 Ne4 8. Bxe7 Qxe7 9. cxd5 Nxc3 10. bxc3 exd5 11. Bd3 c5 12. O-O Bg4 13. h3 Bxf3 14. Qxf3 Rd8 15. Rab1 Nc6 16. Rb5 a6 17. Rb6 Qc7 18. dxc5 Na5 19. Qf5 g6 20. Qf6 Rd7 21. h4 Qd8 22. Qf4 h5 23. Rfb1 Rc8 24. Qb4 Nc6 25. Qa4 Ne5 26. Bf1 Rxc5 27. Qd4 Qe7 28. Rxb7 Rxb7 29. Rxb7 Qxb7 30. Qxc5 Ng4 31. f3 Ne5 32. Qd4 f6 33. Qb4 Qc6 34. Qb8+ Kg7 35. Qa7+ Kh6 36. Qxa6 Qxc3 37. Qb6 Nc4 38. Qd4 Qe1 39. Qxf6 Qxe3+ 40. Kh2 Qe8 41. Qf4+ Kh7 42. Bxc4 dxc4 43. Qxc4 Qe5+ 44. Kh3 Qf5+ 45. Kg3 Qe5+ 46. Kf2 Qb2+ 47. Kg3 Qe5+ 48. Qf4 Qa5 49. a4 Kg7 50. Qd4+ Kh7 51. Qd7+ Kh6 52. Qe7 Qc3 53. Qg5+ Kh7 54. a5 Qc7+ 55. Kh3 Qd7+ 56. Kh2 Qd6+ 57. f4 Qd3 58. Qe7+ Kh6 59. Qf6 Kh7 60. Qf7+ Kh6 61. Qg8 Qd4 62. Qf8+ Kh7 63. Qf7+ Kh8 64. Qe8+ Kh7 65. Qe7+ Kg8 66. Qg5 Qd6 67. Qe5 Qd8 68. a6 Qxh4+ 69. Kg1 Qd8 70. Qe3 h4 71. a7 Qa8 72. Qe6+ Kg7 73. Qe7+ Kg8 74. Kh2 h3 75. Kxh3 1-0

[Event "34. TCh-GRE"]
[Site "?"]
[Date "2005.07.11"]
[Round "9"]
[White "Botsari Anna Maria"]
[Black "Makka Ioulia"]
[Result "1-0"]
[WhiteElo "2297"]
[BlackElo "2243"]
[PlyCount "59"]
[EventDate "2005.??.??"]
[Source "www.chesslib.no"]
[SourceDate "2004.05.04"]

1. d4 d5 2. c4 e6 3. Nc3 Be7 4. Nf3 Nf6 5. Bg5 h6 6. Bh4 O-O 7. e3 Ne4 8. Bxe7 Qxe7 9. cxd5 Nxc3 10. bxc3 exd5 11. c4 dxc4 12. Bxc4 Nd7 13. O-O Nb6 14. Bb3 c5 15. dxc5 Qxc5 16. Rc1 Qe7 17. Nd4 Rd8 18. Qf3 Rb8 19. h3 Na8 20. Rc2 Bd7 21. Rfc1 a6 22. a4 Rdc8 23. a5 Rxc2 24. Rxc2 Be8 25. Bd5 Qb4 26. Qf5 Qb1+ 27. Kh2 Rd8 28. Be4 Qb4 29. Qh7+ Kf8 30. Nf5 1-0

[Event "NRW-Liga I 9192"]
[Site "GER"]
[Date "1992.??.??"]
[Round "?"]
[White "Dresen, Ulrich"]
[Black "Quelle, Helmut"]
[Result "1-0"]
[WhiteElo "2295"]
[BlackElo "2230"]
[PlyCount "89"]
[EventDate "1992.10.??"]
[Source "www.chesslib.no"]
[SourceDate "2004.05.04"]

1. d4 d5 2. c4 e6 3. Nc3 Be7 4. Nf3 Nf6 5. Bg5 h6 6. Bh4 O-O 7. e3 Ne4 8. Bxe7 Qxe7 9. cxd5 Nxc3 10. bxc3 exd5 11. Bd3 Nd7 12. O-O b6 13. a4 Nf6 14. Ne5 Nd7 15. Nf3 Nf6 16. Qc2 c5 17. Nd2 c4 18. Bf5 Re8 19. Rfb1 Bd7 20. Re1 Bc6 21. f3 g6 22. Bh3 Qb7 23. g3 Re7 24. Kf2 Rae8 25. Bg2 h5 26. h3 Kg7 27. Re2 Qc7 28. Rae1 h4 29. g4 Qg3+ 30. Kg1 Qc7 31. e4 dxe4 32. fxe4 Nd5 33. e5 Nf4 34. Bxc6 Nxe2+ 35. Rxe2 Qxc6 36. Ne4 Rd8 37. Rf2 Rd5 38. Rf6 Qd7 39. Qf2 Qxa4 40. Qxh4 Rexe5 41. dxe5 Rd1+ 42. Kg2 Qc2+ 43. Nf2 Qe2 44. Rd6 Qf1+ 45. Kg3 1-0

[Event "BL2-N 8990"]
[Site "GER"]
[Date "1990.??.??"]
[Round "?"]
[White "Panzer, Peter"]
[Black "Bartelborth, Thomas"]
[Result "1/2-1/2"]
[WhiteElo "2275"]
[BlackElo "2225"]
[PlyCount "123"]
[EventDate "1989.10.??"]
[Source "www.chesslib.no"]
[SourceDate "2004.05.04"]

1. d4 Nf6 2. c4 e6 3. Nf3 d5 4. Bg5 Be7 5. Nc3 O-O 6. e3 h6 7. Bh4 Ne4 8. Bxe7 Qxe7 9. cxd5 Nxc3 10. bxc3 exd5 11. Be2 c5 12. O-O Nc6 13. dxc5 Qxc5 14. Qb3 b6 15. Nd4 Bb7 16. Rfd1 Ne5 17. Rac1 Rac8 18. Qb4 Qxb4 19. cxb4 Rxc1 20. Rxc1 Rc8 21. Rxc8+ Bxc8 22. f4 Nc4 23. Bxc4 dxc4 24. Kf2 a6 25. e4 Kf8 26. Ke3 b5 27. Ne2 Ke7 28. Kd4 Kd6 29. Nc3 f5 30. e5+ Kc6 31. Nd5 Be6 32. Ne3 Kb6 33. a3 Kc6 34. Nd1 Kb6 35. Nc3 Kc6 36. Ne2 Bd5 37. g3 Be6 38. Nc3 Kb6 39. Nb1 Kc6 40. Nc3 Kb6 41. Nd1 Kc6 42. Ne3 Bc8 43. h3 Be6 44. g4 g6 45. gxf5 gxf5 46. Nd1 Kb6 47. Nc3 Kc6 48. a4 Kb6 49. a5+ Kc6 50. Ne2 h5 51. h4 Bf7 52. e6 Bxe6 53. Ke5 Bd7 54. Nc3 Bc8 55. Nd5 Bd7 56. Kd4 Be6 57. Nc3 Kd6 58. Ne2 Bf7 59. Ng3 Bg6 60. Nf1 Bf7 61. Nd2 Bd5 62. Nb1 1/2-1/2

[Event "Kazimierz Dolny op"]
[Site "Kazimierz Dolny"]
[Date "2001.03.18"]
[Round "9"]
[White "Pyda, Zbigniew"]
[Black "Barglowski, Filip"]
[Result "1/2-1/2"]
[WhiteElo "2354"]
[BlackElo "2141"]
[PlyCount "133"]
[EventDate "2001.03.10"]
[Source "ChessBase"]
[SourceDate "2001.05.06"]

1. d4 d5 2. c4 e6 3. Nf3 Nf6 4. Bg5 Be7 5. e3 O-O 6. Nc3 h6 7. Bh4 Ne4 8. Bxe7 Qxe7 9. cxd5 Nxc3 10. bxc3 exd5 11. Qb3 Rd8 12. Be2 c5 13. O-O Nc6 14. dxc5 Qxc5 15. Rfd1 Na5 16. Qb4 Qc7 17. Nd4 b6 18. Nb5 Qe5 19. Qd4 Qe7 20. Qb4 Qe5 21. Qh4 Ba6 22. c4 Nb7 23. Qd4 Qxd4 24. Rxd4 Bxb5 25. cxb5 Nc5 26. Bf3 Ne4 27. Rxd5 Rxd5 28. Bxe4 Rad8 29. Bxd5 Rxd5 30. a4 a6 31. Rb1 axb5 32. axb5 Kf8 33. Kf1 Rd2 34. Rb4 Ke7 35. Rd4 Rb2 36. Rd5 Ke6 37. e4 Rb4 38. f3 g6 39. g4 Rb2 40. h4 f6 41. h5 g5 42. Ke1 Ke7 43. e5 fxe5 44. Rxe5+ Kf6 45. Rf5+ Ke7 46. Rd5 Rc2 47. Kd1 Rf2 48. Rf5 Rb2 49. Kc1 Rf2 50. Re5+ Kd6 51. Re3 Kc5 52. Re5+ Kd6 53. Rf5 Ke7 54. Kd1 Rb2 55. Ke1 Rc2 56. Kf1 Rd2 57. Kg1 Rb2 58. f4 gxf4 59. g5 hxg5 60. Rxg5 Kf7 61. h6 Rd2 62. h7 Rd8 63. Rd5 Rh8 64. Rd7+ Kg6 65. Rd6+ Kxh7 66. Rxb6 Rg8+ 67. Kf2 1/2-1/2

[Event "12sen.DSMM 2003"]
[Site "?"]
[Date "2003.08.15"]
[Round "6.4"]
[White "Fronczek Heinrich"]
[Black "Baumbach Friedrich"]
[Result "1/2-1/2"]
[WhiteElo "2237"]
[BlackElo "2241"]
[PlyCount "94"]
[EventDate "2003.??.??"]
[Source "www.chesslib.no"]
[SourceDate "2004.05.04"]

1. d4 d5 2. c4 e6 3. Nc3 Be7 4. Nf3 Nf6 5. Bg5 h6 6. Bh4 O-O 7. e3 Ne4 8. Bxe7 Qxe7 9. cxd5 Nxc3 10. bxc3 exd5 11. Qb3 Rd8 12. c4 dxc4 13. Bxc4 Nc6 14. Qc3 Bg4 15. Be2 Bxf3 16. gxf3 Rd6 17. Rd1 Rad8 18. Rg1 Rf6 19. a3 Rd5 20. e4 Rg5 21. Rxg5 hxg5 22. Rc1 b6 23. e5 Rh6 24. Bd3 Qd8 25. Be4 Nxd4 26. Qxc7 Qxc7 27. Rxc7 Kf8 28. Rxa7 Rxh2 29. Bd5 Ne6 30. Bxe6 fxe6 31. Rb7 Rh1+ 32. Ke2 Rb1 33. a4 Rb4 34. Kd3 Rxa4 35. Rxb6 Ra3+ 36. Ke2 Kf7 37. Rb7+ Kf8 38. Rb8+ Kf7 39. Rb7+ Kg6 40. Re7 Kf5 41. Rxg7 Ra5 42. Rf7+ Kxe5 43. Kf1 Ra4 44. Kg2 Rf4 45. Rg7 Kf6 46. Rg8 Ra4 47. Kg3 Rb4 1/2-1/2